Last Words: Dragon Ball Z Abridged - Statistics

General Stats
  • This quiz has been taken 564 times
    478 since last reset
  • The average score is 16 of 25
Answer Stats
Last words Character % Correct
"I sort of have a hole in my esophagus" Goku
93%
"Oh God! You're the last remaining Saiyan" Vegeta
93%
"Why...didn't you...DOOOOOODGE?" Piccolo
91%
"Vegeta? Vegeta? Vegeta? Vegeta?" Nappa
88%
"The record shows, I took the blows, and did it my way" Cell
81%
"That's right-- don't worry, guys, we worked ourselves half to death with our training, so I know as long as we stick together, we'll take on these Saiyans, and WE WILL WI-- " Yamcha
81%
"Feel the strength of the Reeeecoooome Ultra Fighting Miracle..." Recoome
80%
"But... Vegeta, please... Just give me a chance... We could work together..." Zarbon
77%
"Can't you take a joke?" Krillin
76%
"You and I, w-we could team up against Freeza! Rule the universe as husband and wife. " Dodoria
70%
"Damn you hindsight!" Raditz
70%
"But remember, you still owe me that space soda! " Burter
68%
"Broly, be a good boy. Show your daddy the love he has shown you" Paragus
68%
"And hey, if we do make it out of this, please pick up my head and beat your father to death with-" Android #16
67%
"Clever girl" Jeice
67%
"Your 30 day trial has expired. Would you like to purchase WinRar?" Android #19
60%
"Say, could one of you possibly spare one of those senzu..." Dr. Gero
57%
"Wait wha-" Chiaotzu
55%
"But I hate you. Why would I..." Cui
52%
"I'm a haggler?" King Cold
46%
"By metal, my life was given. By metal, it has been stripped away. No hopes before nor after. Only the end." Android #14
41%
"Why didn't I wish for immortality?" Lord Slug
36%
"No! So much joy!" Turles
33%
"And I now welcome the sweet embrace of death" Bardock
28%
"Fair enooooough" Dr. Kochin
9%
No matching quizzes found
Score Distribution
Percent of People with Each Score
Percentile by Number Answered
Your Score History
You have not taken this quiz since the last reset